Tyranny unmasked (Record no. 100806)
[ view plain ]
| 000 -LEADER | |
|---|---|
| fixed length control field | 01680nam a2200373 a 4500 |
| 082 04 - DEWEY DECIMAL CLASSIFICATION NUMBER | |
| Classification number | 382/.7/0973 |
| 100 1# - MAIN ENTRY--AUTHOR NAME | |
| Personal name | Taylor, John, |
| 245 10 - TITLE STATEMENT | |
| Title | Tyranny unmasked |
| 260 ## - PUBLICATION, DISTRIBUTION, ETC. (IMPRINT) | |
| Place of publication | Indianapolis : |
| Name of publisher | Liberty Fund, |
| Year of publication | c1992. |
| 300 ## - PHYSICAL DESCRIPTION | |
| Number of Pages | xxix, 282 p. |
| 505 0# - FORMATTED CONTENTS NOTE | |
| Formatted contents note | section 1. Unmasking the protecting-tariff policy and its advocates from many perspectives -- section 2. Arguments against the protecting duty summarized through an analysis of its major consequences -- section 3. A general discussion of tyranny and the choice that Americans face. |
| 650 #0 - SUBJECT ADDED ENTRY--TOPICAL TERM | |
| Topical Term | Tariff |
| 700 1# - ADDED ENTRY--PERSONAL NAME | |
| Personal name | Miller, F. Thornton |
| 856 40 - ELECTRONIC LOCATION AND ACCESS | |
| Uniform Resource Identifier | http://site.ebrary.com/lib/rucke/Doc?id=10613364 |
No items available.
